| 000 | 00564nam a22002057a 4500 | ||
|---|---|---|---|
| 005 | 20260515114949.0 | ||
| 008 | 230829b ||||| |||| 00| 0 eng d | ||
| 020 | _a9789358490091 | ||
| 040 |
_aIN-DiNC _cIN-DiNC |
||
| 041 | _dasm | ||
| 082 |
_a320.5 _bDAS |
||
| 100 |
_aDas, Deepen _eauthor |
||
| 245 |
_aRajnaitik tattwabudh (Major1)/ _cby Deepen Das and Durllav Borah |
||
| 250 | _a1st ed. | ||
| 260 |
_aDibrugarh: _bBanalata, _c2023. |
||
| 300 | _a311p. | ||
| 650 | _aUnderstanding political theory | ||
| 700 |
_aBorah, Durllav _eauthor |
||
| 942 |
_2ddc _cBK |
||
| 999 |
_c11591 _d11591 |
||